[Event "GER-ch Net Amateur Gr-A Vor2"]
[Site "Playchess.com INT"]
[Date "2020.04.15"]
[Round "7"]
[White "Bellomo, Riccardo"]
[Black "Lippert, Daniel"]
[Result "0-1"]
[WhiteElo "1617"]
[BlackElo "1776"]
[PlyCount "92"]
[EventDate "2020.04.15"]
[EventType "swiss (blitz)"]
[EventRounds "9"]
[EventCountry "GER"]
[SourceTitle "CBM 196 Extra"]
[Source "ChessBase"]
[SourceDate "2020.07.31"]
[SourceVersion "1"]
[SourceVersionDate "2020.07.31"]
[SourceQuality "1"]

1. e4 c5 2. c3 Nf6 3. e5 Nd5 4. d4 cxd4 5. cxd4 d6 6. Nf3 dxe5 7. dxe5 Bg4 8. Bb5+ Nc6 9. 0-0 e6 10. h3 Bxf3 11. Qxf3 Bc5 12. Nc3 0-0 13. Rd1 Nce7 14. Bg5 Qb6 15. Bxe7 Nxe7 16. Rd7 Nd5 17. Nxd5 Qxb5 18. Ne7+ Bxe7 19. Rxe7 Qxb2 20. Rd1 Qxe5 21. Rxb7 Qf6 22. Qe3 Rfd8 23. Rdb1 Qd4 24. Qf3 Qf6 25. Qg3 a5 26. Rc7 Rab8 27. Rxb8 Rxb8 28. Rxf7 Rb1+ 29. Kh2 Kxf7 30. Qc7+ Qe7 31. Qxa5 Rb7 32. Qh5+ Kg8 33. Qf3 Qd6+ 34. g3 Qb6 35. h4 Qb1 36. a4 Rf7 37. Qa8+ Rf8 38. Qc6 Rxf2+ 39. Kh3 Qf5+ 40. g4 Qf3+ 41. Qxf3 Rxf3+ 42. Kg2 Ra3 43. a5 Ra4 44. a6 Rxa6 45. Kf3 Kf7 46. Kf4 g6 0-1